Statistics for Departments of Benin

Click here to take the quiz!

General Stats

  • This quiz has been taken 4 times
  • The average score is 8 of 12

Answer Stats

Answer% Correct
Alibori
100%
Atakora
67%
Atlantique
67%
Borgou
67%
Collines
67%
Donga
67%
Littoral
67%
Mono
67%
Ouémé
67%
Plateau
67%
Zou
67%
Kouffo
33%

Score Distribution

Percentile by Number Answered

Percent of People with Each Score

Your Score History

You have not taken this quiz